Mystifikácia malého podnikania. 1. Small business nie je kľúč k zastaveniu hospodárskej katastrofy.

Na základe rozboru údajov o priemyselnej výrobe, účasti na tvorbe hrubého národného produktu a nových pracovných miest v USA, SRN a Japonsku autor zdôrazňuje, že hospodársky rast Slovenska môže zabezpečiť len zásadná zmena v priemysle, fungujúce veľké organizačné formy, zatiaľ čo malé podnikanie tre...

ver descrição completa

Na minha lista:
Detalhes bibliográficos
Autor principal: Ďurkovič, H.
Formato: Capítulo de Livro
Idioma:eslovaco
Assuntos:
Tags: Adicionar Tag
Sem tags, seja o primeiro a adicionar uma tag!

MARC

LEADER 00000naa a2200000 4500
001 r012444
005 20220826094951.0
041 0 |a slo 
044 |a SK 
245 1 0 |a Mystifikácia malého podnikania. 1.  |b Small business nie je kľúč k zastaveniu hospodárskej katastrofy.  |c H. Ďurkovič 
520 |a Na základe rozboru údajov o priemyselnej výrobe, účasti na tvorbe hrubého národného produktu a nových pracovných miest v USA, SRN a Japonsku autor zdôrazňuje, že hospodársky rast Slovenska môže zabezpečiť len zásadná zmena v priemysle, fungujúce veľké organizačné formy, zatiaľ čo malé podnikanie treba chápať ako súčasť veľkého, ktoré obohacuje rýchlymi vynálezmi a inováciami. 
610 2 0 |a podnik malý 
610 2 0 |a podnik veľký 
610 2 0 |a podnik priemyselný 
610 2 0 |a rast hospodársky 
610 2 0 |a Slovensko 
100 1 |a Ďurkovič, H.